000
00296nam a22001337a 4500
008
181023b xxu||||| |||| 00| 0 eng d
020
_a
9780195158335
041
_a
eng
080
_a
510
100
_a
36
101
_a
MAT
245
_a
Linear Systems and Signals
_c
Lathi, B.P
942
_2
udc
_c
BK
999
_c
50627
_d
50627